| 000 | 00540nam a22001697a 4500 | ||
|---|---|---|---|
| 005 | 20251108164320.0 | ||
| 008 | 250721s1994 xx 000 0 ara d | ||
| 082 | 1 | 4 | _a418.2/شري |
| 100 | 1 | _aأبو شريفة، عبد القادر شريف | |
| 245 | 1 | 0 |
_aالكتابة الوظيفية : _bمنهج جديد في فن الكتابة و التعبير / |
| 264 | 1 |
_aعمان : _bدار حنين، _c1994. |
|
| 300 | _a234ص. | ||
| 650 | 1 | 7 | _aاللغة العربية |
| 650 | 1 | 7 | _aالتعبير |
| 942 |
_2ddc _cBK |
||
| 999 |
_c9126 _d9126 |
||